书目信息 |
| 题名: |
美术表现
|
|
| 作者: | 李岗 , 吴耀华 , 黄柔昌 主编 | |
| 分册: | 中国画 | |
| 出版信息: | 南京 南京师范大学出版社 2013.07 |
|
| 页数: | 209页 | |
| 开本: | 28cm | |
| 丛书名: | ||
| 单 册: | ||
| 中图分类: | J21 , J212 | |
| 科图分类: | ||
| 主题词: | 绘画技法--高等学校--教材 , 国画技法--高等学校--教材 , 绘画技法 , 国画技法 | |
| 电子资源: | ||
| ISBN: | 978-7-5651-1360-4 | |
| 000 | 01061nam0 2200325 450 | |
| 001 | 0107001154 | |
| 005 | 20140528104222.60 | |
| 010 | @a978-7-5651-1360-4@dCNY56.00 | |
| 100 | @a20130902d2013 em y0chiy0110 ea | |
| 101 | 0 | @achi |
| 102 | @aCN@b320000 | |
| 105 | @aa z 000yy | |
| 106 | @ar | |
| 200 | 1 | @a美术表现@9mei shu biao xian@i中国画@f李岗,吴耀华,黄柔昌主编 |
| 210 | @a南京@c南京师范大学出版社@d2013.07 | |
| 215 | @a209页@d28cm | |
| 300 | @a全国普通高等院校美术学专业示范教材/曹意强丛书总主编 | |
| 330 | @a本书分为中国画的工具材料与笔墨技法、人物画、山水画、花鸟画、中国画题款与钤印五部分,具体内容包括:工具材料;笔墨技法;工笔人物画等。 | |
| 333 | @a高校美术学专业类师生 | |
| 606 | 0 | @a绘画技法@x高等学校@j教材 |
| 606 | 0 | @a国画技法@x高等学校@j教材 |
| 606 | 0 | @a绘画技法 |
| 606 | 0 | @a国画技法 |
| 690 | @aJ21@v5 | |
| 690 | @aJ212@v5 | |
| 701 | 0 | @a李岗@9li gang@4主编 |
| 701 | 0 | @a吴耀华@9wu yao hua@4主编 |
| 701 | 0 | @a黄柔昌@9huang rou chang@4主编 |
| 801 | 0 | @aCN@b人天书店@c20130902 |
| 905 | @b547720-22@dJ21@e658@f3 | |
| 美术表现.中国画/李岗,吴耀华,黄柔昌主编.-南京:南京师范大学出版社,2013.07 |
| 209页;28cm |
| 全国普通高等院校美术学专业示范教材/曹意强丛书总主编.-使用对象:高校美术学专业类师生 |
| ISBN 978-7-5651-1360-4:CNY56.00 |
| 本书分为中国画的工具材料与笔墨技法、人物画、山水画、花鸟画、中国画题款与钤印五部分,具体内容包括:工具材料;笔墨技法;工笔人物画等。 |
| ● |
| 相关链接 |
|
|
|
|
正题名:美术表现
索取号:J21/658
 
预约/预借
| 序号 | 登录号 | 条形码 | 馆藏地/架位号 | 状态 | 备注 |
| 1 | 547720 | 205477205 | 第一样本阅览室/ [索取号:J21/658] | 在馆 | |
| 2 | 547721 | 205477214 | 密集书库-美术系/ [索取号:J21/658] | 在馆 | |
| 3 | 547722 | 205477223 | 第一借阅区/ [索取号:J21/658] | 在馆 |